| 000 | 00595nam a22002177a 4500 | ||
|---|---|---|---|
| 003 | dpl | ||
| 005 | 20180728164039.0 | ||
| 008 | 180728b xxu||||| |||| 00| 0 eng d | ||
| 010 | _a842149 | ||
| 016 | _a842149 | ||
| 035 | _a842149 | ||
| 040 | _c0 | ||
| 082 | _aS | ||
| 100 | _aGribble Leonard | ||
| 245 |
_aFamous mysteries of modern times / _cby Leonard gribble |
||
| 260 |
_aLondon _bFrederick muller limited _c1976 |
||
| 300 |
_a150p. _c24 cm. (Hb) |
||
| 650 |
_aForced migration _zIndia |
||
| 650 |
_aRural poor _xRehabilitation _zIndia |
||
| 942 |
_adpl _cEN _kS/ GRI _2ddc _hS _mGRI |
||
| 999 |
_c155079 _d155079 |
||